000 00443nam a2200145 4500
999 _c696
_d696
008 191119b ||||| |||| 00| 0 eng d
082 0 0 _a621.165
_bK249
100 _974
_aKearton, William J.
245 1 0 _aSteam Turbine Theory and Practice: A Textbook for Engineering Students
_cby William J Kearton
250 _a4th ed.
260 _aLondon
_bSir Isaac Pitman & Sons
_c1945
300 _axx, 599 p.
650 0 _aSteam Turbines
942 _2ddc
_cBK